000 00345nam a2200169Ia 4500
100 _aTharoor/Shashi
650 _aGeneral
942 _cBK
366 _f17.5
654 _anehru
245 _aNehru:The invention of India
260 _bPenguin Books
_c2003
082 _a920/THA
_bTHA
300 _a261
546 _aENGLISH
999 _c27102
_d27102